000 00200nam a2200109Ia 4500
100 _a#N/A
650 _aGeneral
942 _cBK
245 _aFreedom is not free
260 _b#N/A
546 _aENGLISH
999 _c25963
_d25963